Top 10 Countries with the Most Neighbours - Statistics

General Stats
  • This quiz has been taken 250 times
  • The average score is 57 of 77
Answer Stats
Answer % Correct
1 China
98%
2 Russia
98%
3 France
96%
5 Germany
96%
7 India
94%
4 Brazil
90%
6 Austria
89%
2 Poland
89%
1 Kazakhstan
88%
3 Italy
87%
3 Switzerland
87%
1 Pakistan
86%
1 Mongolia
84%
2 Ukraine
84%
3 Spain
83%
5 Czechia
81%
10 Iran
81%
8 Serbia
81%
4 Argentina
80%
3 Belgium
80%
6 Hungary
80%
1 Nepal
80%
10 Turkey
80%
1 Afghanistan
79%
9 D. R. Congo
79%
3 Netherlands
79%
6 Slovenia
79%
4 Colombia
78%
3 Luxembourg
78%
6 Slovakia
78%
1 Bhutan
76%
10 Iraq
76%
1 Laos
76%
1 Myanmar
76%
1 North Korea
76%
4 Bolivia
75%
1 Vietnam
75%
10 Armenia
74%
2 Azerbaijan
74%
8 Croatia
74%
2 Georgia
74%
1 Kyrgyzstan
74%
4 Paraguay
74%
4 Peru
74%
8 Romania
74%
2 Estonia
73%
2 Lithuania
73%
4 Uruguay
73%
4 Venezuela
73%
7 Bangladesh
72%
2 Belarus
72%
8 Bulgaria
72%
10 Greece
72%
2 Latvia
72%
1 Tajikistan
72%
2 Finland
71%
8 Bosnia and Herzegovina
70%
5 Denmark
70%
4 Guyana
70%
3 Suriname
70%
3 Andorra
69%
6 Liechtenstein
69%
8 Kosovo
66%
3 Monaco
64%
10 Syria
64%
9 Kenya
62%
2 Norway
62%
8 Montenegro
61%
8 North Macedonia
61%
9 Tanzania
60%
9 Uganda
58%
9 Mozambique
56%
9 Rwanda
56%
9 Malawi
55%
9 Burundi
54%
9 Zambia
53%
7 Sri Lanka
42%
No matching quizzes found
Score Distribution
Percent of People with Each Score
Percentile by Number Answered
Your Score History
You have not taken this quiz